Il freddo e il crudele /

Պահպանված է:
Մատենագիտական մանրամասներ
Հիմնական հեղինակ: Deleuze, Gilles (Հեղինակ)
Այլ հեղինակներ: Da Col, Giuseppe
Ձևաչափ: Գիրք
Լեզու:իտալերեն
Հրապարակվել է: Milano : SE, ©1991
Շարք:Biblioteca dell'eros ; 2
Խորագրեր:
Ցուցիչներ: Ավելացրեք ցուցիչ
Չկան պիտակներ, Եղեք առաջինը, ով նշում է այս գրառումը!

MARC

LEADER 00000nam a22000007i 4500
001 IT\ICCU\VIA\0010514
003 ItRI
005 20260115231943.0
008 910515s1991 it |||||| ||||| |||||c
020 |a 8885357024 
040 |b ita  |c importazione bologna sebina 
041 7 |a ita  |2 ISO-639-2 
082 |a 128  |9 FILOSOFIA. GENERE UMANO  |2 20 
100 1 |a Deleuze, Gilles  |0 IT\ICCU\CFIV\011822  |4 aut 
240 1 0 |a Présentation de Sacher-Masoch.  |3 IT\ICCU\VIA\0033586  |9 Deleuze, Gilles 
245 1 3 |a Il freddo e il crudele /  |c Gilles Deleuze ; traduzione di Giuseppe Da Col. 
260 |a Milano :  |b SE,  |c ©1991 
300 |a 170 p. ;  |c 23 cm. 
650 7 |a Masochismo 
700 1 |a Da Col, Giuseppe  |0 IT\ICCU\VIAV\092220 
830 0 |a Biblioteca dell'eros ;  |v 2  |0 IT\ICCU\RAV\0141351 
942 |2 ddc  |c BK  |n 0 
952 |0 0  |1 0  |4 0  |6 DOC_833_800000000000000_DEL  |7 0  |9 17739  |a BO  |b BO  |d 2026-01-15  |i 15571  |l 0  |o DOC 833.8 DEL  |p BO15571  |r 2026-01-15 23:19:43  |w 2026-01-15  |x [Sebina 5] [1 v.]  |y BK  |z 1 v. 
999 |c 15099  |d 15099